MARC

LEADER 00000nam0a2200000 4500
001 57295
005 20231101211646.0
010 |a 5741802591 
035 |a (RuTPU)RU\TPU\book\60439 
090 |a 57295 
100 |a 20031028d2003 m y0rusy50 ca 
101 0 |a rus 
102 |a RU 
105 |a a j 001zy 
200 1 |a Горная экология  |e учебное пособие  |f М. Е. Певзнер  |g Московский государственный горный университет 
210 |a Москва  |c Изд-во Московского гос. горного ун-та  |d 2003 
215 |a 395 с.  |c ил. 
225 1 |a Высшее горное образование 
320 |a Библиография в конце глав. 
606 1 |a Горные работы  |x Влияние на окружающую среду  |2 stltpush  |3 (RuTPU)RU\TPU\subj\64881  |9 81581 
610 1 |a горное дело 
610 1 |a горная экология 
610 1 |a биосфера 
610 1 |a антропогенные воздействия 
610 1 |a Россия 
610 1 |a окружающая среда 
610 1 |a охрана 
610 1 |a правовые основы 
610 1 |a природопользование 
610 1 |a государственное управление 
610 1 |a горное производство 
610 1 |a воздушный бассейн 
610 1 |a водный бассейн 
610 1 |a природный ландшафт 
610 1 |a недра 
610 1 |a горно-экологический мониторинг 
610 1 |a экономические аспекты 
610 1 |a учебные пособия 
675 |a 622.85(075.8)  |v 3 
700 1 |a Певзнер  |b М. Е.  |g Марк Еремеевич 
712 0 2 |a Московский государственный горный университет  |2 stltpush  |3 (RuTPU)RU\TPU\col\453 
801 1 |a RU  |b 63413507  |c 20031028  |g PSBO 
801 2 |a RU  |b 63413507  |c 20201028  |g PSBO 
900 |a Горное дело 
900 |a Экология геологоразведочных работ и горно-добывающего 
942 |c BK 
951 |a 550600  |b 090500